Národní přírodní rezervace Soos /

Main Author: Brož, Karel
Corporate Author: Agentura ochrany přírody a krajiny ČR
Other Authors: Rolková, Jana
Language: Czech
Published: Brno : pro Agenturu ochrany přírody a krajiny ČR připravila redakce Veroniky - časopisu pro ochranu přírody a krajiny, 2009
Subjects:
Physical Description: 7 stran : barevné ilustrace ; 25 cm
Book
Saved in:
LEADER 02332nam a2200565 i 4500
001 nkc20102027789
003 CZ PrNK
005 20180214091656.0
007 ta
008 100202s2009 xr a e f 000 0 cze
015 |z cnb002027789 
020 |a 978-80-88076-74-2  |q (Agentura ochrany přírody a krajiny ČR ;  |q v knize neuvedeno ;  |q brožováno) 
040 |a BOA001  |b cze  |d ABA001  |d OLA001  |e rda 
043 |a e-xr---  |b e-xr-cc  |2 czenas 
072 7 |a 502  |x Životní prostředí a jeho ochrana  |2 Konspekt  |9 2 
080 |a 502.21(1-751.3)  |2 MRF 
080 |a 551.312.2  |2 MRF 
080 |a 574.4(285.3)  |2 MRF 
080 |a 502.2  |2 MRF 
080 |a (437.31-15)  |2 MRF 
080 |a (036)  |2 MRF 
100 1 |a Brož, Karel  |7 pna2010554330  |4 aut 
245 1 0 |a Národní přírodní rezervace Soos /  |c text: Karel Brož, Jana Rolková 
246 3 0 |a Soos 
264 1 |a Brno :  |b pro Agenturu ochrany přírody a krajiny ČR připravila redakce Veroniky - časopisu pro ochranu přírody a krajiny,  |c 2009 
300 |a 7 stran :  |b barevné ilustrace ;  |c 25 cm 
336 |a text  |b txt  |2 rdacontent 
336 |a statický obraz  |b sti  |2 rdacontent 
337 |a bez média  |b n  |2 rdamedia 
338 |a svazek  |b nc  |2 rdacarrier 
500 |a Název z obálky 
650 0 7 |a přírodní rezervace  |7 ph124936  |z Česko  |2 czenas 
650 0 7 |a rašeliniště  |7 ph125035  |z Česko  |2 czenas 
650 0 7 |a mokřadní ekosystémy  |7 ph115342  |z Česko  |2 czenas 
650 0 9 |a nature reserves  |z Czechia  |2 eczenas 
650 0 9 |a peatlands  |z Czechia  |2 eczenas 
650 0 9 |a swamp ecosystems  |z Czechia  |2 eczenas 
651 7 |a Národní přírodní rezervace Soos (Česko)  |7 ge303797  |x přírodní poměry  |2 czenas 
651 9 |a Soos (Czechia : national natural reserve)  |x natural conditions  |2 eczenas 
655 7 |a informační publikace  |7 fd132454  |2 czenas 
655 9 |a information publications  |2 eczenas 
700 1 |a Rolková, Jana  |7 pna2010554331  |4 aut 
710 2 |a Agentura ochrany přírody a krajiny ČR  |7 ko2002148930  |4 isb 
910 2 |a BOA001  |b 2-1237.050 
928 9 |a Veronica 
990 |a BK 
995 |a 11 
991 |b 201002  |c NOV 
996 6 |b 2610406378  |c 2-1237.050  |l MZK  |r Sklad / do 1 hodiny  |n 0  |p p.v.  |w 001105489  |u 000010  |a 1  |e BOA001  |j MZK50  |s P 
996 7 |b 2610406379  |c 2-1237.050  |l MZK  |r Sklad / do 1 hodiny  |n 0  |p p.v.  |w 001105489  |u 000020  |a 1  |e BOA001  |j MZK50  |s A